|
|
|
|
| LEADER |
00000cam a2200000 a 4500 |
| 001 |
vtls001364529 |
| 003 |
SK-MaSNL |
| 005 |
20260302071152.0 |
| 008 |
990531q1925 xr n 0000d cze |
| 035 |
|
|
|a SNK000318178
|
| 040 |
|
|
|a SNK
|b slo
|c SNK
|e AACR2
|
| 041 |
1 |
|
|a cze
|h fre
|
| 044 |
|
|
|a xr
|c CZ
|
| 080 |
|
|
|a 821.133.1-2
|2 2001
|
| 080 |
|
|
|a (0:82-2)
|2 2001
|
| 100 |
1 |
|
|a Dumas, Alexandre,
|d 1824-1895
|4 aut
|9 209234
|
| 240 |
1 |
3 |
|a La dame aux camélias
|l Česky
|
| 245 |
1 |
0 |
|a Dáma s kameliemi
|b hra o pěti dějstvích
|c Alexandre Dumas syn ; přeložil a úvod napsal Hanuš Jelínek
|
| 260 |
|
|
|a V Praze
|b J. Otto
|c [1925]
|
| 300 |
|
|
|a 149 s.
|c 15 cm
|
| 490 |
1 |
|
|a Světová knihovna
|v č. 1262-64.a
|
| 500 |
|
|
|a Preložené z francúzštiny
|
| 500 |
|
|
|a Prvý krát uvedené v Paríži v Théâtre du Vaudeville, 2.2. 1852
|
| 504 |
|
|
|a Obsahuje bibliografiu
|
| 655 |
|
7 |
|a francúzske drámy
|2 SNKPH
|9 73791
|
| 700 |
1 |
|
|a Jelínek, Hanuš,
|d 1878-1944
|4 trl
|4 aui
|9 9080
|
| 752 |
|
|
|a Česko
|d Praha
|
| 830 |
|
0 |
|a Světová knihovna
|9 287708
|
| 958 |
|
|
|a ONDV
|
| 999 |
|
|
|c 1150801
|d 1152731
|
| 952 |
|
|
|t P60, <05>, [BOOK], {605}
|a SNK
|b SNK
|y PREZ
|7 0
|p 17A0186008
|o snkID 66807
|0 0
|1 0
|4 0
|d 1999-05-31
|l 0
|r 2005-01-02 00:00:00
|w 2026-02-24
|